000 00349 a2200169 4500
001 174632
020 _a978-85-16-06314-6
040 _cMagnum
100 _aRocha, Ruth
240 1 0 _aA arca de noé
_lpor
245 1 0 _aA arca de noé
300 _a40
362 0 _a2009
440 1 _aSalamandra
697 _aLITERATURA INFANTO
942 _cBK
999 _c174632
_d174632